ბათუმის შოთა რუსთაველის სახელმწიფო უნივერსიტეტის ბიბლიოთეკა

შემოქმედი და დამანგრეველი სამყარო. კირკეგორი - რელიგიური ფილოსოფოსი. კირკეგორი და დოსტოევსკი. დიდი ფილოსოფოსის ხსოვნას (ედმუნდ ჰუსერლი) : (ბიბ.ჩანაწერი № 58543)

000 -ლიდერი
ფიქსირებული სიგრძის საკონტროლო ველი 01582nam a22002417a 4500
003 - საკონტროლო ნომრის იდენტიფიკატორი
საკონტროლო ველი Ge_BSU
005 - ბოლო ოპერაციის თარიღი და დრო
საკონტროლო ველი 20220531140914.0
008 - ფიქსირებული სიგრძის მონაცემთა ელემენტები - ზოგადი ინფორმაცია
ფიქსირებული სიგრძის საკონტროლო ველი 220531s2019 ge ||||| |||| 00| 0 geo d
020 ## - წიგნის საერთაშორისო სტანდარტული ნომერი
International Standard Book Number 9789941819308
041 ## - ენის კოდი
Language code of text/sound track or separate title geo
080 ## - უნივერსალური ათობითი კლასიფიკაციის ინდექსი
Universal Decimal Classification number 2-1 შ-53
100 ## - მთავარი ჩანაწერი - პიროვნების სახელი
Personal name შესტოვი, ლევ
9 (RLIN) 13894
245 ## - ცნობა სათაურის შესახებ
Title შემოქმედი და დამანგრეველი სამყარო. კირკეგორი - რელიგიური ფილოსოფოსი. კირკეგორი და დოსტოევსკი. დიდი ფილოსოფოსის ხსოვნას (ედმუნდ ჰუსერლი) :
Remainder of title [კრებული] /
Statement of responsibility, etc ლევ შესტოვი ; მთარგმნელები: დიმიტრი უჩანეიშვილი, ირაკლი ბრაჭული, ქეთი ცხვარიაშვილი.
264 ## - წარმოების, გამოცემის, დისტრიბუციის და სხვა ცნობები
გამოცემის, წარმოების, დისტრიბუციის... ადგილი თბილისი :
გამოცემის, წარმოების, დისტრიბუციის... სახელწოდება აქტი,
გამოცემის, წარმოების, დისტრიბუციის... თარიღი 2019.
300 ## - ფიზიკური აღწერა
Extent 160 გვ. ;
Other physical details 19 სმ.
653 ## - INDEX TERM--UNCONTROLLED
Uncontrolled term რელიგიის ფილოსოფია
653 ## - INDEX TERM--UNCONTROLLED
Uncontrolled term დანიელი ფილოსოფოსები
653 ## - INDEX TERM--UNCONTROLLED
Uncontrolled term კირკეგორი, სიორენ.
700 ## - ADDED ENTRY--PERSONAL NAME
Personal name უჩანეიშვილი, დიმიტრი
Relator term მთარგმნელი
9 (RLIN) 13895
700 ## - ADDED ENTRY--PERSONAL NAME
Personal name ბრაჭული, ირაკლი
Relator term მთარგმნელი.
9 (RLIN) 10107
700 ## - ADDED ENTRY--PERSONAL NAME
Personal name ცხვარიაშვილი, ქეთი
Relator term მთარგმნელი
9 (RLIN) 13910
942 ## - ADDED ENTRY ELEMENTS (KOHA)
Source of classification or shelving scheme
Koha item type წიგნი
ეგზემპლარები
ჩამოწერის სტატუსი დაკარგული ეგზემპლარის სტატუსი კლასიფიკაციის წყარო ან თაროზე გაწყობის სქემა დაზიანების სტატუსი არ გაიცემა მუდმივი მდებარეობა (დაცვის ადგილი) ამჟამინდელი ადგილსამყოფელი თაროზე განთავსების ადგილი შეძენის თარიღი ღირებულება, შესყიდვის ნორმალური ფასი სრული შენახვის შიფრი შტრიხკოდი ბოლო ოპერაციის თარიღი ეგზემპლარის მიმდევრობითი ნომერი (კეტერი?) ფასის ძალაში შესვლის თარიღი ეგზემპლარის სახეობა საჯარო შენიშვნა
          ბათუმის შოთა რუსთაველის სახელმწიფო უნივერსიტეტის მთავარი ბიბლიოთეკა ბათუმის შოთა რუსთაველის სახელმწიფო უნივერსიტეტის მთავარი ბიბლიოთეკა წიგნსაცავი 2022-05-31 9.00 2-1 შ-53 62492 2022-05-31 62492 2022-05-31 წიგნი 9 ლ.
          ბათუმის შოთა რუსთაველის სახელმწიფო უნივერსიტეტის მთავარი ბიბლიოთეკა ბათუმის შოთა რუსთაველის სახელმწიფო უნივერსიტეტის მთავარი ბიბლიოთეკა წიგნსაცავი 2022-05-31 9.00 2-1 შ-53 62493 2022-05-31 62493 2022-05-31 წიგნი 9 ლ.
          ბათუმის შოთა რუსთაველის სახელმწიფო უნივერსიტეტის მთავარი ბიბლიოთეკა ბათუმის შოთა რუსთაველის სახელმწიფო უნივერსიტეტის მთავარი ბიბლიოთეკა წიგნსაცავი 2023-03-27 9.00 2-1 შ-53 64095 2023-03-27 64095 2023-03-27 წიგნი 9.00
          ბათუმის შოთა რუსთაველის სახელმწიფო უნივერსიტეტის მთავარი ბიბლიოთეკა ბათუმის შოთა რუსთაველის სახელმწიფო უნივერსიტეტის მთავარი ბიბლიოთეკა წიგნსაცავი 2023-03-27 9.00 2-1 შ-53 64096 2023-03-27 64096 2023-03-27 წიგნი 9.00